000 00691nam a2200325Ia 4500
001 5629
008 191123s9999 xx 000 0 und d
041 _afre
044 _afr
100 _aGeffroy, Gustave,
260 _aParís :
_bNilsson,
_c[19--?].
300 _a160 p.
650 _aARQUITECTURA
650 _aFRANCIA
650 _aMOBILIARIO
650 _aPALACIOS
650 _aSIGLO XVI
650 _aSIGLO XVII
650 _aVERSALLES
902 _aM
903 _am
904 _am
907 _aImpreso
911 _ailus. b/n; 27 cm
912 _a[19--?]
942 _cLIBRO
999 _c3994
_d3994
490 0 _aVersailles.
245 0 _aLes Musées d'Europe